00879cam a2200277 a 450000100090000000300040000900500170001300800410003001000170007102000280008803500220011604000180013805000210015608200160017710000180019324500400021124600260025125000120027726000590028930000330034850400660038165000260044765000290047365000240050285600750052612784144OSt20180117085952.0020521s2003 at a b 001 0 eng  a 2002107154 a0534598684 (alk. paper) a(DLC) 2002107154 aDLCcDLCdDLC00aBF319b.C45 200300a153.1/52211 aChance, Paul.10aLearning & behavior /cPaul Chance.3 aLearning and behavior a5th ed. aAustralia ;aBelmont, CA :bThomson/Wadsworth,cc2003. axx, 505 p. :bill. ;c25 cm. aIncludes bibliographical references (p. 457-487) and indexes. 0aConditioned response. 0aLearning, Psychology of. 0aNature and nurture.413Table of contentsuhttp://www.loc.gov/catdir/toc/fy033/2002107154.html